Tempo Sacro E Tempo Profano Visione laica e visione cristiana del tempo e della storia

Guardat en:
Dades bibliogràfiques
Autor principal: Leitta De Salvo E Angelo Sindoni
Format: Llibre
Idioma:idioma desconegut
Publicat: Rubbettino
Etiquetes: Afegir etiqueta
Sense etiquetes, Sigues el primer a etiquetar aquest registre!

MARC

LEADER 00000nam a2200000Ia 4500
001 R-960
003 CODICE-MESSINA
005 20260212102500.0
008 260211s9999 xx 000 0 und d
040 |c importazione_messina 
100 |a Leitta De Salvo E Angelo Sindoni 
245 0 |a Tempo Sacro E Tempo Profano 
245 0 |b Visione laica e visione cristiana del tempo e della storia 
260 |b Rubbettino 
942 |2 ddc  |c BK 
952 |0 0  |1 0  |2 ddc  |4 0  |6 SCAFFALE_1_000000000000000__RELIGIONE  |7 0  |9 31788  |a ME  |b ME  |d 2026-02-11  |l 0  |o SCAFFALE 1 - RELIGIONE  |p R-960  |r 2026-02-11 23:52:46  |w 2026-02-11  |x [REVISIONARE]  |y BK 
999 |c 27453  |d 27453